KATHRYN GUSTAFSON SCULPTING THE LAND (Registro nro. 46552)
[ vista simple ]
| 000 -LEADER | |
|---|---|
| fixed length control field | 00811nam a2200205 a 4500 |
| 001 - CONTROL NUMBER | |
| control field | 46552 |
| 005 - DATE AND TIME OF LATEST TRANSACTION | |
| control field | 20180714030147.0 |
| 008 - FIXED-LENGTH DATA ELEMENTS--GENERAL INFORMATION | |
| fixed length control field | 140415s1998 cc 000 0 eng d |
| 020 ## - INTERNATIONAL STANDARD BOOK NUMBER | |
| International Standard Book Number | 188893106X |
| 041 ## - LANGUAGE CODE | |
| Language code of text/sound track or separate title | eng |
| 082 ## - DEWEY DECIMAL CLASSIFICATION NUMBER | |
| Classification number | 720 |
| Item number | LEV |
| 100 1# - MAIN ENTRY--PERSONAL NAME | |
| Personal name | LEVY, LEAH |
| 245 10 - TITLE STATEMENT | |
| Title | KATHRYN GUSTAFSON SCULPTING THE LAND |
| 250 ## - EDITION STATEMENT | |
| Edition statement | 1a ed. |
| 260 ## - PUBLICATION, DISTRIBUTION, ETC. | |
| Place of publication, distribution, etc. | CHINA : |
| Name of publisher, distributor, etc. | SPACEMAKER PRESS, |
| Date of publication, distribution, etc. | 1998 |
| 300 ## - PHYSICAL DESCRIPTION | |
| Extent | 64 |
| Dimensions | 26.8 x 0.8 x 26.5 |
| 490 ## - SERIES STATEMENT | |
| Series statement | SPACEMAKER PRESS |
| 520 ## - SUMMARY, ETC. | |
| Summary, etc. | ESTE LIBRO ES UNA SERIE DE MONOGRAFÍAS , HISTORIAS ANUALES Y FOTOGRAFÍASSOBRE DIFERENTES ARQUITECTURAS MODERNAS PLASMADAS EN FOTOGRAFÍAS. ESTA ARQUITECTURA PLASMA SU GRAN PASIÓN POR LAS ARTES SON EXPOSICIONES QUE ELLA EXPONE DE DIFERENTES ARQUITECTURAS IMPORTANTES |
| 650 14 - SUBJECT ADDED ENTRY--TOPICAL TERM | |
| Topical term or geographic name entry element | ARQUITECTURA |
| General subdivision | ARQUITECTURA DEL PAISAJE |
| Withdrawn status | Lost status | Source of classification or shelving scheme | Damaged status | Not for loan | Collection code | Home library | Current library | Shelving location | Date acquired | Source of acquisition | Inventory number | Total Checkouts | Full call number | Barcode | Date last seen | Price effective from | Koha item type |
|---|---|---|---|---|---|---|---|---|---|---|---|---|---|---|---|---|---|
| Dewey Decimal Classification | General | Biblioteca Karol Wojtyla | Biblioteca Karol Wojtyla | Sala general | 03/12/2013 | Compra | 151000000000000000028118 | 720 LEV | 69797 | 05/01/2026 | 03/12/2013 | Libro |